| 000 | 00716nam a22002297a 4500 | ||
|---|---|---|---|
| 005 | 20170124110016.0 | ||
| 010 | _a923598 | ||
| 020 | _c21.00 | ||
| 035 | _a923598 | ||
| 037 | _bCen Lib/Ret | ||
| 040 |
_aDPL _bEN |
||
| 082 |
_a337.0954 _bSET |
||
| 100 |
_aSeth, Krishan G. _918780 |
||
| 245 |
_aThe code of Indian baggage rules : _cby Krishan G. Seth _ba guide to the international passengers / |
||
| 260 |
_aNew Delhi _bSeth Publications _c1978 |
||
| 270 |
_bNew Delhi _a72, Vinoba Puri, Lajpat Nagar _e110024 |
||
| 300 |
_avii,256p. _c21cm(Hb) |
||
| 500 | _aIncludes index | ||
| 650 |
_aIndo-Pakistan baggage _918781 |
||
| 650 |
_aBaggage rules _918782 |
||
| 942 |
_2ddc _cEN _h337.0954 _mSET |
||
| 999 |
_c126895 _d126895 |
||